Detalles MARC
| 000 -CABECERA |
| campo de control de longitud fija |
01573nam a2200301 i 4500 |
| 003 - IDENTIFICADOR DEL NÚMERO DE CONTROL |
| campo de control |
DO-SdBNP |
| 005 - FECHA Y HORA DE LA ÚLTIMA TRANSACCIÓN |
| campo de control |
20240523151058.0 |
| 007 - CAMPO FIJO DE DESCRIPCIÓN FÍSICA--INFORMACIÓN GENERAL |
| campo de control de longitud fija |
ta |
| 008 - DATOS DE LONGITUD FIJA--INFORMACIÓN GENERAL |
| campo de control de longitud fija |
220603e2007 dr ||||| gl|| 001 0dspa d |
| 020 ## - NÚMERO INTERNACIONAL ESTÁNDAR DEL LIBRO |
| Número Internacional Estándar del Libro |
97899451401125 |
| 040 ## - FUENTE DE LA CATALOGACIÓN |
| Centro catalogador/agencia de origen |
DO-SdBNP |
| Lengua de catalogación |
spa |
| Centro/agencia transcriptor |
BNPHU |
| Normas de descripción |
rda |
| 082 #4 - NÚMERO DE LA CLASIFICACIÓN DECIMAL DEWEY |
| Número de edición |
22 |
| Número de documento/Ítem |
O77c |
| 100 1# - ENTRADA PRINCIPAL--NOMBRE DE PERSONA |
| 9 (RLIN) |
71565 |
| Nombre de persona |
Ortega Polanco, Francisco Antonio |
| Término indicativo de función/relación |
autor |
| 245 10 - MENCIÓN DE TÍTULO |
| Título |
Código procesal penal: |
| Resto del título |
por un juez en ejercicio para estudiantes, estudiosos y curiosos / |
| Mención de responsabilidad, etc. |
Francisco Antonio Ortega Polanco. |
| 264 ## - PRODUCCIÓN, PUBLICACIÓN, DISTRIBUCIÓN, FABRICACIÓN Y COPYRIGHT |
| Producción, publicación, distribución, fabricación y copyright |
Santo Domingo : |
| Nombre del de productor, editor, distribuidor, fabricante |
Corripio, |
| Fecha de producción, publicación, distribución, fabricación o copyright |
2007 |
| 300 ## - DESCRIPCIÓN FÍSICA |
| Extensión |
583 páginas ; |
| Dimensiones |
27 cm. |
| 336 ## - TIPO DE CONTENIDO |
| Fuente |
rdacontent |
| Término de tipo de contenido |
texto |
| Código de tipo de contenido |
txt |
| 337 ## - TIPO DE MEDIO |
| Fuente |
rdamedia |
| Nombre/término del tipo de medio |
sin mediación |
| Código del tipo de medio |
n |
| 338 ## - TIPO DE SOPORTE |
| Fuente |
rdacarrier |
| Nombre/término del tipo de soporte |
volumen |
| Código del tipo de soporte |
nc |
| 500 ## - NOTA GENERAL |
| Nota general |
Incluye datos biográficos del autor en la solapa de la cubierta. |
| 500 ## - NOTA GENERAL |
| Nota general |
Incluye bibliografía y notas al pié de páginas. |
| 500 ## - NOTA GENERAL |
| Nota general |
La Biblioteca contiene el v.2 |
| 505 0# - NOTA DE CONTENIDO CON FORMATO |
| Nota de contenido con formato |
Presentación / |
| Mención de responsabilidad |
Edgar Hernández Mejía.-- |
| Información miscelánea |
Prefacio / |
| Mención de responsabilidad |
Juan Manuel Pellerano Gómez.-- |
| Título |
Abreviaturas.-- |
| -- |
Código Procesal Penal de la República Dominicana.-- |
| Información miscelánea |
LIBRO I. |
| Título |
Disposiciones Generales.-- |
| Información miscelánea |
LIBRO II. |
| Título |
Jurisdicción Penal y los Sujetos Procesales.-- |
| Información miscelánea |
LIBRO III. |
| Título |
Actividad Procesal.-- |
| Información miscelánea |
LIBRO IV. |
| Título |
Medios de Prueba.-- |
| Información miscelánea |
LIBRO V. |
| Título |
Medidas de Coerción.-- |
| 505 0# - NOTA DE CONTENIDO CON FORMATO |
| Nota de contenido con formato |
Parte Especial. |
| Información miscelánea |
Libro I. |
| Título |
Procedimiento Comunal.-- |
| Información miscelánea |
Libro II. |
| Título |
Procedimientos especiales.-- |
| Información miscelánea |
LIBRO III. |
| Título |
Los Recursos.-- |
| Información miscelánea |
LIBRO IV. |
| Título |
Título I. Ejecución Penal.-- |
| 590 ## - NOTA LOCAL (RLIN) |
| Nota local |
Inventariado 2024 / MF |
| 650 #4 - PUNTO DE ACCESO ADICIONAL DE MATERIA--TÉRMINO DE MATERIA |
| 9 (RLIN) |
14474 |
| Término de materia o nombre geográfico como elemento de entrada |
Procedimiento Penal |
| Subdivisión geográfica |
República Dominicana |
| 942 ## - ELEMENTOS DE PUNTO DE ACCESO ADICIONAL (KOHA) |
| Fuente del sistema de clasificación o colocación |
Dewey Decimal Classification |
| Tipo de ítem Koha |
Libro |